00308nam a22000857a 4500100001400000245012600014260003400140500000700174700004100181 aNandana H aMapping of crustal magnetic field anomalies on the northern hemisphere of the moon using lunar prospector spacecraft data aAlappuzha:bSD College,c2024 a  aDr.Sibi K S & Dr.Rakesh Chandran S B